000 00321nam a22001217a 4500
082 _a658.314 BOL'P
100 _aBOLZ, ROGER W
_962265
245 _aPRODUCTION PROCESSES , A PRODUCTIVITY HANDBOOK
260 _aOHIO
_bCONQUEST/NBF
_c1974
300 _aXII,952P.ILL
650 _aPRODUCTIVITY HANDBOOK
_967736
942 _cBK
999 _c575445
_d575445